| 000 | 00847nam a22002177a 4500 | ||
|---|---|---|---|
| 005 | 20080616123856.0 | ||
| 008 | 080616t xxu||||| |||| 00| 0 eng d | ||
| 010 | _aENG-90310 | ||
| 020 |
_a8121505079 _c150.00 |
||
| 035 | _aEN-73843 | ||
| 037 | _bDBAD / PUB | ||
| 040 |
_aDPL _bEN |
||
| 082 | _a220.22 | ||
| 245 |
_aThe Siva samhita / _ctranslated into English by Rai Bahadur Srisa Chandra Vasu |
||
| 260 |
_aNew Delhi _bMunshiram Manoharlal Publishers _c2008 |
||
| 270 |
_aPost Box 5715, 54 Rani Jhansi Road, _bNew Delhi _e110055 |
||
| 300 |
_a87p. _c23 cm (Hb) |
||
| 700 | _aRai Bahadur Srisa Chandra Vasu | ||
| 942 |
_cEN _h 220.22 _2ddc _mSIV |
||
| 999 |
_c13678 _d13678 |
||